000 00795pam a2200253 a 4500
001 1162735
005 20180201093600.0
008 960607s1997 maua b 001 0 eng
010 _a 96024905
020 _a0205156940
040 _aDLC
_cDLC
_dDLC
041 _aeng
043 _an-us---
080 _a371.914 jay
082 0 0 _a371.914 jay
_220
100 1 _a48
101 _aedu
245 1 0 _aTeaching students with language and communication disabilities /
_cS. Jay Kuder.
246 3 0 _aLanguage and commmunication disabilities
504 _aIncludes bibliographical references and indexes.
906 _a7
_bcbc
_corignew
_d1
_eocip
_f19
_gy-gencatlg
942 _2ddc
_cBK
999 _c41563
_d41563